000 01716nam a2200505 i 4500
001 51294
003 KOSZ 005
005 20220505133157.0
008 051010s2005 pl a f f |000 0 pol
015 _aUWD 2006/10932
020 _a8371932812
035 _a991028183549705066
035 _a(PL-WaBN)b17631695-48omnis_nlop
035 _ab17631695
035 _a(OCoLC)69464123
035 _azz2005854801
035 _a(PL)b0000001763169
035 _a(EXLNZ-48OMNIS_NETWORK)9910503966805606
040 _aWA N
_cWA N
_dKOSZ 005/HR
046 _k2005
080 _a531.2
080 _a004.42
080 _a(075.8)
100 1 _aMajor, Maciej
_c(mechanika)
_eAutor
245 1 0 _aZagadnienia z mechaniki ogólnej rozwiązywane MATHCAD-em.
_nCz. 1,
_pStatyka /
_cMaciej Major, Izabela Major ; Politechnika Częstochowska.
246 3 0 _aStatyka
260 _aCzęstochowa :
_bWydawnictwa Politechniki Częstochowskiej,
_c2005.
300 _a109 s. :
_brys., wykr. ;
_c24 cm.
336 _aTekst
_btxt
_2rdacontent
337 _aBez urządzenia pośredniczącego
_bn
_2rdamedia
338 _aWolumin
_bnc
_2rdacarrier
380 _aKsiążki
388 _a2001-
500 _aBibliogr. s. 108-109.
650 7 _aMathcad
_2DBN
650 7 _aStatyka
_2DBN
655 7 _aPodręczniki akademickie
_2DBN
658 _aInżynieria i technika
658 _aInformatyka i technologie informacyjne
700 1 _aMajor, Izabela
_eAutor
710 2 _aWydawnictwo Politechniki Częstochowskiej
_4pbl
856 _uhttp://koha.tu.koszalin.pl/cgi-bin/koha/opac-detail.pl?biblionumber=51294
_yKatalog online BPK
942 _2UKD
_cKS
999 _c51294
_d51294